Most Subscribed on YouTube Quiz Stats

Quiz not verified by Sporcle

Challenge
Share
Tweet
Embed
Score 0/10 Timer 02:00
0 Plays Today
Status UserName % Correct
SecondFred
73.8%
Firstnigahiga
69%
Thirdsmosh
57.1%
FourthShaneDawsonTV
34.5%
Sixthsxephil
27.4%
Eighthkevjumba
23.8%
Fifthuniversalmusicgroup
20.2%
NinthShaneDawsonTV2
20.2%
Tenthdavedays
16.7%
Seventhmachinima
13.1%

You're not logged in!

Compare scores with friends on all Sporcle quizzes.
Join for Free
OR
Log In

You Might Also Like...

Show Comments

Extras

Top Quizzes Today


Score Distribution

Your Account Isn't Verified!

In order to create a playlist on Sporcle, you need to verify the email address you used during registration. Go to your Sporcle Settings to finish the process.

Report this User

Report this user for behavior that violates our Community Guidelines.

Details: